Ekvádorské otazníky

Geografická charakteristika Ekvádoru. Fakty a zaujímavosti. Zmeny v energetickom sektore, využívanie obnoviteľných zdrojov energie, najmä vodnej energie. Rozdiely v životnej úrovni obyvateľov mesta a vidieka. Význam nerastných surovín v hospodárstve krajiny. Elektroenergetika. Bohatá infraštruktúra.

Salvato in:
Dettagli Bibliografici
Autore principale: Vítková, Eva
Natura: Capitolo di libro
Lingua:ceco
Soggetti:
Tags: Aggiungi Tag
Nessun Tag, puoi essere il primo ad aggiungerne!!

MARC

LEADER 00000naa a2200000 4500
001 0246118
005 20180629095325.0
041 0 |a cze 
044 |a CZ 
245 1 0 |a Ekvádorské otazníky  |c Eva Vítková 
520 |a Geografická charakteristika Ekvádoru. Fakty a zaujímavosti. Zmeny v energetickom sektore, využívanie obnoviteľných zdrojov energie, najmä vodnej energie. Rozdiely v životnej úrovni obyvateľov mesta a vidieka. Význam nerastných surovín v hospodárstve krajiny. Elektroenergetika. Bohatá infraštruktúra. 
610 2 0 |a energetika 
610 2 0 |a zdroje energie obnoviteľné 
610 2 0 |a energia vodná 
610 2 0 |a energia tepelná 
610 2 0 |a elektrárne vodné 
610 2 0 |a elektrárne tepelné 
610 2 0 |a ropa 
610 2 0 |a plyn zemný 
610 2 0 |a Ekvádor 
100 1 |a Vítková, Eva